Misteri penculikan Imah (Record no. 126063)

MARC details
000 -LEADER
fixed length control field 00828nam a2200289 i 4500
001 - CONTROL NUMBER
control field C2-0326392
003 - CONTROL NUMBER IDENTIFIER
control field PPAK
005 - DATE AND TIME OF LATEST TRANSACTION
control field 20180728124249.0
008 - FIXED-LENGTH DATA ELEMENTS--GENERAL INFORMATION
fixed length control field 140326s2013 my |||| ||||| | may d
020 ## - INTERNATIONAL STANDARD BOOK NUMBER
International Standard Book Number 9789674031718
040 ## - CATALOGING SOURCE
Original cataloging agency PPAK
Language of cataloging eng
Transcribing agency PPAK
Description conventions rda
082 04 - DEWEY DECIMAL CLASSIFICATION NUMBER
Classification number 899.233
Edition number 23
090 00 - LOCALLY ASSIGNED LC-TYPE CALL NUMBER (OCLC); LOCAL CALL NUMBER (RLIN)
Classification number (OCLC) (R) ; Classification number, CALL (RLIN) (NR) 899.233
Feature heading AMI
Feature heading K
100 0# - MAIN ENTRY--PERSONAL NAME
Personal name Amir Hamzah Aziz,
Relator term author
245 10 - TITLE STATEMENT
Title Misteri penculikan Imah
264 #1 - PRODUCTION, PUBLICATION, DISTRIBUTION, MANUFACTURE, AND COPYRIGHT NOTICE
Place of production, publication, distribution, manufacture Kuala Lumpur :
Name of producer, publisher, distributor, manufacturer Blue-T Publication ,
Date of production, publication, distribution, manufacture, or copyright notice 2013
300 ## - PHYSICAL DESCRIPTION
Extent 121 pages ;
Dimensions 16 cm
336 ## - CONTENT TYPE
Source rdacontent
Content type term text
337 ## - MEDIA TYPE
Source rdamedia
Media type term unmediated
338 ## - CARRIER TYPE
Source rdacarrier
Carrier type term volume
490 1# - SERIES STATEMENT
Series statement Siri penyiasatan
500 ## - GENERAL NOTE
General note 10-14 Tahun
650 10 - SUBJECT ADDED ENTRY--TOPICAL TERM
Topical term or geographic name entry element Children's stories, Malay. ; Detective and mystery stories, Malay.
700 0# - ADDED ENTRY--PERSONAL NAME
Personal name Anies Yusop,
Relator term editor
830 #0 - SERIES ADDED ENTRY--UNIFORM TITLE
Uniform title Siri penyiasatan
942 ## - ADDED ENTRY ELEMENTS (KOHA)
-- dc
Koha item type Book
Holdings
Withdrawn Not for loan Current library Shelving location Date acquired Full call number Barcode Date last seen Koha item type Total Checkouts Date last checked out
    Perpustakaan Alor Setar Pinjaman Kanak-kanak 09/04/2014 K 899.233 AMI A01438024 09/05/2018 Book    
    Perpustakaan Awam Sungai Petani Pinjaman Kanak-kanak 09/04/2014 K 899.233 AMI A01438026 09/05/2018 Book    
    Perpustakaan Baling Pinjaman Kanak-kanak 09/04/2014 K 899.233 AMI A01438029 09/05/2018 Book    
    Perpustakaan Jitra Pinjaman Kanak-kanak 09/04/2014 K 899.233 AMI A01438027 16/06/2020 Book 2 14/03/2020
    Perpustakaan Merbok Pinjaman Kanak-kanak 09/04/2014 K 899.233 AMI A01438030 09/05/2018 Book